| 000 | 02064 a2200361 4500 | ||
|---|---|---|---|
| 001 | 23357228 | ||
| 003 | 000 | ||
| 005 | 20251013153920.0 | ||
| 008 | 231020s2024 enk b 001 0 eng | ||
| 010 | _a 2023044651 | ||
| 020 | _a9781032608679 | ||
| 035 | _a23357228 | ||
| 040 |
_aDLC _beng _erda _cDLC _dDLC |
||
| 042 | _apcc | ||
| 050 | 0 | 0 | _aHM 585 .B78 |
| 082 | 0 | 0 |
_a301 _223/eng/20240205 |
| 100 | 1 |
_aBruggeman, Jeroen, _eauthor. |
|
| 245 | 1 | 2 |
_aA sociology of humankind : _bhow we are formed by culture, cooperation, and conflict / _cJeroen Bruggeman. |
| 263 | _a2404 | ||
| 264 | 1 |
_aAbingdon, Oxon ; _aNew York, NY : _bRoutledge, _c2024. |
|
| 300 | _aix, 228p. ill. | ||
| 336 |
_atext _btxt _2rdacontent |
||
| 337 |
_aunmediated _bn _2rdamedia |
||
| 338 |
_avolume _bnc _2rdacarrier |
||
| 490 | 0 | _aRoutledge advances in sociology | |
| 504 | _aIncludes bibliographical references and index. | ||
| 520 |
_a"Based upon the interdependencies of human beings as we cooperate and conflict with each other, how we share information, and how culture evolves, this book proposes a sociology of humanity covering three hundred millennia. Grounded in empirical findings from archaeology, history, lab-experiments and field studies - supplemented for precision with computational network models of cultural evolution, cooperation, influence, cohesion, warfare, power, social balance and inequality - this is the first attempt at an encompassing sociology of humankind. Informed by the the theory of cultural evolution, it extends the notion that cultural evolution connects all humans of all times in a giant sociocultural network, thereby yielding coherence between a great many empirical findings. It will therefore appeal to scholars of sociology and anthropology with interests in historical sociology, cultural evolution and social theory"-- _cProvided by publisher. |
||
| 650 | 0 | _aSociology. | |
| 650 | 0 | _aSocial evolution. | |
| 906 |
_a7 _bcbc _corignew _d1 _eecip _f20 _gy-gencatlg |
||
| 942 |
_2lcc _cBK |
||
| 999 |
_c43745 _d43745 |
||